[Event "World School-ch U17 Girls"]
[Site "Antalya"]
[Date "2019.04.23"]
[Round "6"]
[White "Senanayake, AMPK"]
[Black "Ahmadova, Raya"]
[Result "0-1"]
[WhiteElo "1188"]
[BlackElo "1468"]
[PlyCount "86"]
[EventDate "2019.04.18"]
[EventType "swiss"]
[EventRounds "9"]
[EventCountry "TUR"]
[SourceTitle "CBM 190 Extra"]
[Source "ChessBase"]
[SourceDate "2019.07.15"]
[SourceVersion "1"]
[SourceVersionDate "2019.07.15"]
[SourceQuality "1"]

1. d4 Nf6 2. Bf4 d5 3. Nf3 g6 4. g3 Bg7 5. Bg2 0-0 6. 0-0 Nbd7 7. Qc1 Re8 8. c4 c6 9. cxd5 Nxd5 10. Bh6 Bh8 11. e4 N5f6 12. Nc3 e5 13. dxe5 Nxe5 14. Bg5 Qb6 15. Qc2 Bg4 16. Nd2 Rad8 17. Be3 Qb4 18. f4 Nc4 19. Nxc4 Qxc4 20. b3 Qd3 21. Qxd3 Rxd3 22. Bxa7 Rxc3 23. e5 Nd5 24. Bf2 Ne3 25. Bxe3 Rxe3 26. h3 Be6 27. Kf2 Rd3 28. Rfd1 Red8 29. Rxd3 Rxd3 30. g4 f6 31. exf6 Bxf6 32. Rc1 Rd2+ 33. Kf1 Bd4 34. Be4 Rf2+ 35. Ke1 Rxf4 36. Bb1 Rf3 37. Rd1 Bc3+ 38. Ke2 Rxh3 39. Rd8+ Kg7 40. g5 Bg4+ 41. Kf2 Be5 42. Rd3 Rh2+ 43. Kg1 Rb2 0-1